000 00471cam a2200193ua 4500
001 6044
005 20260515113955.0
008 131101n ii |||gr||||Z||||||eng
040 _cMAIN
082 _a949.5
100 _aChaudhuri,K.C,
_eAuthor.
245 _aHistory of Greece
_cby K.C. Chaudhuri
250 _a2nd Ed.
260 _aCalcutta:
_bNew Central Book Agency,
_c1984.
300 _axi,272p.
653 _aHistory
653 _aHistory of Greece
942 _cBK
999 _c5192
_d5192